000 00887ngm a22003130a 4500
001 PT19549
003 AR-LpoUNG
005 20210202000313.0
007 vd cvaizq
008 191001s1954||||ag |||||||||||||||||fre d
037 _c$8.31
040 _aAR-LpoUNG
_bspa
_cAR-LpoUNG
_eaacr
041 _afre
_aspa
044 _aag
082 0 _a843 939v2
100 1 _aAutant-Lara, Claude
_edir.
245 1 0 _aRojo y negro
260 _aBuenos Aires :
_bSolo para Coleccionistas,
_c[1954].
300 _aVHS (170 min.) : son., col.
505 0 _aGuión: Pierre Bost, Jean Aurenche ; fotografía: Michel Kelber. - Títulos en francés, subtítulos en castellano
520 _aBasada en la novela de Stendhall
650 4 _aFRANCIA
650 4 _aLITERATURA
653 _aLITERATURA FRANCESA
653 _aROMANTICA
653 _aVIDEOS
905 _a19549
942 _cVIDEO
999 _c54578
_d54578